Labyrint pohybu /
Renomovaný fyzioterapeut vysvětluje základní principy lidského pohybu a jeho vývoje a také roli, jakou v něm sehrává náš mozek a třeba i špatné geny, stres, přetěžování, neuspokojivé vztahy, absence spirituality, touha "užívat si"...
Uloženo v:
| Hlavní autor: | |
|---|---|
| Další autoři: | , , , |
| Médium: | E-audiokniha |
| Jazyk: | Czech |
| Vydáno: |
Praha :
Vyšehrad,
[2019]
|
| Edice: | Rozhovory (Vyšehrad)
|
| Témata: | |
| Tagy: |
Žádné tagy |
| LEADER | 04950nim a2201069 i 4500 | ||
|---|---|---|---|
| 001 | 312998 | ||
| 003 | CZ PrSKC | ||
| 005 | 20260601215733.0 | ||
| 007 | sd fungnnmmned | ||
| 008 | 210210t20192019xr nnnng f n cze | ||
| 015 | |a cnb003307253 | ||
| 024 | 3 | |a 8594050427204 | |
| 040 | |a ABA001 |b cze |e rda | ||
| 043 | |a e-xr--- | ||
| 045 | |a x6y- | ||
| 072 | 7 | |a 615.8 |x Fyzioterapie. Psychoterapie. Alternativní lékařství |2 Konspekt | |
| 072 | 7 | |a 929 |x Biografie |2 Konspekt | |
| 080 | |a 615.81/.84-051 |2 MRF | ||
| 080 | |a 378.011.3-051 |2 MRF | ||
| 080 | |a 929 |2 MRF | ||
| 080 | |a 615.81/.84 |2 MRF | ||
| 080 | |a 615.8 |2 MRF | ||
| 080 | |a 612.76 |2 MRF | ||
| 080 | |a 796.012 |2 MRF | ||
| 080 | |a 61:796 |2 MRF | ||
| 080 | |a (437.3) |2 MRF | ||
| 080 | |a (047.53) |2 MRF | ||
| 080 | |a (086.7)08 |2 MRF | ||
| 080 | |a (086.76) |2 MRF | ||
| 100 | 1 | |a Kolář, Pavel, |d 1963- |7 js20051017096 |4 aut | |
| 245 | 1 | 0 | |a Labyrint pohybu / |c Renata Červenková, Pavel Kolář |
| 264 | 1 | |a Praha : |b Vyšehrad, |c [2019] | |
| 264 | 4 | |c ©2019 | |
| 300 | |a 1 audiodisk (8 hod., 34 min., 58 sek.) ; |c 12 cm | ||
| 306 | |a 083458 | ||
| 336 | |a mluvené slovo |b spw |2 rdacontent | ||
| 337 | |a audio |b s |2 rdamedia | ||
| 338 | |a audiodisk |b sd |2 rdacarrier | ||
| 344 | |a digital |b optical |2 rda | ||
| 347 | |a audio soubor |b MP3 |2 rda | ||
| 490 | 1 | |a Rozhovory | |
| 500 | |a Název z disku | ||
| 500 | |a Copyright Albatros Media | ||
| 500 | |a Podle stejnojmenné knihy vydané nakladatelstvím Vyšehrad v roce 2018 | ||
| 500 | |a Nezkrácená audiokniha ve formátu MP3 | ||
| 511 | 0 | |a Čtou Vasil Fridrich a Romana Růžičková | |
| 520 | 2 | |a Renomovaný fyzioterapeut vysvětluje základní principy lidského pohybu a jeho vývoje a také roli, jakou v něm sehrává náš mozek a třeba i špatné geny, stres, přetěžování, neuspokojivé vztahy, absence spirituality, touha "užívat si"... |b Hýbeme se buď málo, nebo špatně a pohyb se vytrácí nejen ze života, ale i z medicíny, tvrdí prof. Pavel Kolář, renomovaný fyzioterapeut, který už třicet let působí na poli rehabilitační medicíny, potažmo i té sportovní. V důmyslném soustrojí lidského těla a mysli se snaží najít skutečné příčiny, které ho porouchaly, a správnou léčbou navrátit pacientům ztracené zdraví. V rozhovorech s novinářkou Renatou Červenkovou odhaluje překvapivé souvislosti, neboť v našem organismu se nic neděje náhodně. Nakladatelská anotace. | |
| 600 | 1 | 7 | |a Kolář, Pavel, |d 1963- |7 js20051017096 |2 czenas |
| 648 | 7 | |a 20.-21. století |7 ch462155 |2 czenas | |
| 650 | 0 | 7 | |a fyzioterapeuti |7 ph871608 |z Česko |y 20.-21. století |2 czenas |
| 650 | 0 | 7 | |a vysokoškolští učitelé |7 ph127282 |z Česko |y 20.-21. století |2 czenas |
| 650 | 0 | 7 | |a fyzioterapie |7 ph120452 |2 czenas |
| 650 | 0 | 7 | |a léčebná rehabilitace |7 ph122527 |2 czenas |
| 650 | 0 | 7 | |a antropomotorika |7 ph118534 |2 czenas |
| 650 | 0 | 7 | |a sportovní lékařství |7 ph116251 |2 czenas |
| 650 | 0 | 7 | |a holistická medicína |7 ph114688 |2 czenas |
| 655 | 7 | |a rozhovory |7 fd133303 |2 czenas | |
| 655 | 7 | |a audioknihy |7 fd119452 |2 czenas | |
| 655 | 7 | |a kompaktní disky |7 fd201991 |2 czenas | |
| 700 | 1 | |a Červenková, Renata, |d 1950- |7 pna2007370846 |4 aut | |
| 700 | 1 | |a Bauerová, Alexandra |7 ola2014823513 |4 drt | |
| 700 | 1 | |a Fridrich, Vasil, |d 1976- |7 xx0064341 |4 nrt | |
| 700 | 1 | |a Růžičková, Romana |4 nrt | |
| 830 | 0 | |a Rozhovory (Vyšehrad) | |
| 900 | |a ABA001 |b 21 | ||
| 044 | |a xr | ||
| 505 | 0 | 0 | |t Labyrint pohybu (21 min., 20 sek.) |
| 505 | 0 | 0 | |t Labyrint pohybu (20 min., 58 sek.) |
| 505 | 0 | 0 | |t Labyrint pohybu (26 min., 30 sek.) |
| 505 | 0 | 0 | |t Labyrint pohybu (24 min., 35 sek.) |
| 505 | 0 | 0 | |t Labyrint pohybu (27 min., 30 sek.) |
| 505 | 0 | 0 | |t Labyrint pohybu (24 min., 49 sek.) |
| 505 | 0 | 0 | |t Labyrint pohybu (24 min., 40 sek.) |
| 505 | 0 | 0 | |t Labyrint pohybu (23 min., 49 sek.) |
| 505 | 0 | 0 | |t Labyrint pohybu (20 min., 17 sek.) |
| 505 | 0 | 0 | |t Labyrint pohybu (19 min., 37 sek.) |
| 505 | 0 | 0 | |t Labyrint pohybu (17 min., 25 sek.) |
| 505 | 0 | 0 | |t Labyrint pohybu (20 min., 21 sek.) |
| 505 | 0 | 0 | |t Labyrint pohybu (19 min., 9 sek.) |
| 505 | 0 | 0 | |t Labyrint pohybu (23 min., 40 sek.) |
| 505 | 0 | 0 | |t Labyrint pohybu (29 min., 29 sek.) |
| 505 | 0 | 0 | |t Labyrint pohybu (19 min., 3 sek.) |
| 505 | 0 | 0 | |t Labyrint pohybu (18 min., 19 sek.) |
| 505 | 0 | 0 | |t Labyrint pohybu (20 min., 37 sek.) |
| 505 | 0 | 0 | |t Labyrint pohybu (18 min., 42 sek.) |
| 505 | 0 | 0 | |t Labyrint pohybu (25 min., 57 sek.) |
| 505 | 0 | 0 | |t Labyrint pohybu (24 min., 39 sek.) |
| 505 | 0 | 0 | |t Labyrint pohybu (23 min., 35 sek.) |
| 505 | 0 | 0 | |t Labyrint pohybu (19 min., 59 sek.) |
| 910 | |a RBIT002 | ||
| 998 | |d 206565 |a https://core.palmknihy.cz/api/books/206565/cover?she806 |b https://core.palmknihy.cz/api/books/206565/cover/400?she806 |c https://core.palmknihy.cz/api/books/206565/cover/50?she806 |e 2029-12-31 |i 8594050427204 |l 30840 |q 49 |r 1 |s https://www.palmknihy.cz/kniha/206565 |t audiobook |y 2019 |z 0 | ||
| 999 | |d 312996 | ||